Todos os títulos do Corinthians - Statistics

Estatísticas Gerais
  • Esse quiz foi jogado 244 vezes
  • A pontuação média é 55 de 111
Estatísticas das Respostas
Hint Resposta % Correto
Estadual 2001 Campeonato Paulista
99%
Nacional 1990 | Nacional 1998 | Nacional 1999 | +4 others Campeonato Brasileiro
95%
Internacional 2012 Copa Libertadores da América
93%
Internacional 2000 | Internacional 2012 Mundial de clubes FIFA
93%
Estadual 1914 | Estadual 1916 | Estadual 1922 | +26 others Campeonato Paulista
88%
Nacional 1995 | Nacional 2002 | Nacional 2009 Copa do Brasil
88%
Nacional (Base) 1969 | Nacional (Base) 1970 | Nacional (Base) 1995 | +7 others Copa São Paulo de futebol júnior
74%
Internacional 2013 Recopa sul-americana
73%
Estadual 2002 Torneio Rio-São Paulo
59%
Estadual 1950 | Estadual 1953 | Estadual 1954 | Estadual 1966 Torneio Rio-São Paulo
55%
Nacional 2008 Campeonato Brasileiro Série B
53%
Nacional 1991 Supercopa do Brasil
51%
Estadual 1957 Torneio de Classificação do Campeonato Paulista
33%
Estadual 1919 | Estadual 1920 | Estadual 1921 | +5 others Torneio Início do Campeonato Paulista
33%
Internacional 1975 Copa São Paulo
18%
Internacional 1953 Pequena Taça do Mundo
8%
Internacional 1996 XLII Troféu Ramón de Carranza
5%
Estadual 1922 | Estadual 1942/43 | Estadual 1947/48 | +2 others Taça Cidade de São Paulo
4%
Estadual 1962 Taça São Paulo
4%
Estadual 1994 Copa Bandeirantes
3%
Estadual 1956 | Estadual 1957 | Estadual 1990 Taça dos Invictos
3%
Internacional 1966 Copa Cidade de Turim
2%
Internacional 1985 Copa das Nações
2%
Internacional 1956 Copa do Atlântico
2%
Estadual 1954 | Estadual 1958 Taça Charles Miller
2%
Interestadual 1983 Taça Cidade de Porto Alegre
2%
Estadual 1922/23/24 Taça Competência
2%
Interestadual 1958 Torneio de Brasília
2%
Internacional 1955 Torneio Internacional Charles Miller
2%
Internacional 1969 Troféu Apolo V
2%
Estadual 1938 Festival do São Paulo Futebol Clube
1%
Internacional 1987 II Torneio Internacional de Verão Cidade de Santos
1%
Internacional 1986 I Torneio Internacional de Verão Cidade de Santos
1%
Interestadual 1965 Pentagonal do Recife
1%
Estadual 1923/24 | Estadual 1928 Taça Ballor
1%
Estadual 1977 Taça Governador do Estado
1%
Estadual 1968 Taça Piratininga
1%
Estadual 1953 Taça Prefeitura Municipal de São Paulo
1%
Interestadual 1942 Taça Supremacia
1%
Internacional 1969 Torneio Costa do Sol
1%
Estadual 1953 Torneio das Missões
1%
Interestadual 1971 Torneio do Povo
1%
Internacional 1981 Torneio Feira de Hidalgo
1%
Estadual 1944 Torneio Início do Campeonato Paulista
1%
Estadual 1973 Torneio Laudo Natel
1%
Interestadual 1967 Triangular de Goiânia
1%
Estadual 1938 Troféu Fasanello
1%
Nenhum quiz correspondente encontrado
Distribuição das Pontuações
Porcentagem de Pessoas com Cada Pontuação
Percentil de Números Respondidos
Sua Pontuação Histórica
Você não jogou esse quiz